|
|
|
|
| LEADER |
00000nab a2200000 a 4500 |
| 001 |
vtls009155582 |
| 003 |
SK-MaSNL |
| 005 |
20260304154414.0 |
| 008 |
250507c1959 xo ||||||o| ||00 b|slo |
| 015 |
|
|
|a SNBRB2007/11
|2 snkbucl
|
| 035 |
|
|
|a (uuid)9b976eb2-d83f-4ff7-984b-ca31b1e51bd8
|
| 035 |
|
|
|a urn:nbn:sk:snk-abc2er
|
| 035 |
|
|
|a (urnnbn)urn:nbn:sk:snk:ar-002sif
|
| 038 |
|
|
|a SNKBUCL
|
| 040 |
|
|
|a SNKBUCL
|b slo
|c SNKBUCL
|e AACR2
|
| 041 |
0 |
|
|a slo
|
| 044 |
|
|
|a xo
|c SK
|
| 080 |
|
|
|a 811.162.1`374
|x (048)
|2 1997
|
| 080 |
|
|
|a 81`374:811.162.4
|x (048)
|2 1997
|
| 080 |
|
|
|a 811.162.1`373
|x (048)
|2 1997
|
| 080 |
|
|
|a 81`373:811.162.4
|x (048)
|2 1997
|
| 100 |
1 |
|
|a Buffa, Ferdinand,
|d 1926-2012
|4 aut
|9 99943
|
| 245 |
1 |
0 |
|a Słownik języka polskiego
|c F. Buffa
|
| 650 |
0 |
7 |
|a poľština
|2 snkbucl
|9 1349
|
| 650 |
0 |
7 |
|a normatívne slovníky
|2 snkbucl
|9 1219549
|
| 650 |
0 |
7 |
|a slovná zásoba
|2 snkbucl
|9 66837
|
| 655 |
|
7 |
|a recenzie
|2 snkbucl
|9 21907
|
| 773 |
0 |
|
|t Slovenská reč
|g Roč. XXIV, č. 4 (1959), s. 242-247
|
| 787 |
0 |
8 |
|i Rec.:
|t Słownik języka polskiego. Tom pierwszy, A-Ć
|d Warszawa : Wiedza Powszechna, 1958
|
| 850 |
|
|
|a Slovenská národná knižnica
|
| 852 |
|
|
|a Slovenská národná knižnica
|
| 954 |
|
|
|a odborná, vedecká literatúra pôvodná (slovenská)
|2 lita
|
| 958 |
|
|
|a article15
|
| 958 |
|
|
|a OND
|
| 958 |
|
|
|a RC
|
| 958 |
|
|
|a PL
|
| 958 |
|
|
|a EUIPO
|
| 999 |
|
|
|c 2957538
|d 2959468
|